000
00351pab a2200157 454500
008
180718b2013 xxu||||| |||| 00| 0 eng d
100
_a
Mehra, Ajay K.
245
_a
Protest and prospects
260
_c
2013
300
_a
p.17-22,35
362
_a
26 Jan
650
_a
Protest movements
773
_a
Mainstream
908
_a
N
909
_a
102025
999
_c
102023
_d
102023